[Event "Jersey op"]
[Site "St Clement Bay"]
[Date "2018.04.07"]
[Round "9.5"]
[White "Wadsworth, Matthew J"]
[Black "Woudsma, Martijn"]
[Result "1-0"]
[WhiteElo "2354"]
[BlackElo "2262"]
[PlyCount "95"]
[EventDate "2018.03.31"]
[EventType "swiss"]
[EventRounds "9"]
[EventCountry "GCI"]
[SourceTitle "CBM 183 Extra"]
[Source "ChessBase"]
[SourceDate "2018.04.19"]
[SourceVersion "1"]
[SourceVersionDate "2018.04.19"]
[SourceQuality "1"]

1. g3 g6 2. Bg2 Bg7 3. d4 Nf6 4. e4 0-0 5. Ne2 d6 6. Nbc3 Nbd7 7. 0-0 c6 8. a4 Rb8 9. a5 Qc7 10. h3 b5 11. axb6 axb6 12. d5 cxd5 13. exd5 b5 14. Nd4 b4 15. Nce2 Nc5 16. Nc6 Rb7 17. Be3 Bf5 18. Nf4 g5 19. Nd3 Nxd3 20. cxd3 h6 21. g4 Bg6 22. Qd2 Qd7 23. f4 gxf4 24. Bxf4 Kh7 25. Rae1 Ng8 26. g5 h5 27. d4 Rb6 28. Qe3 Re8 29. Be4 e6 30. dxe6 Rxe6 31. Bxg6+ Rxg6 32. d5 Rxc6 33. dxc6 Qxc6 34. Qe2 Bd4+ 35. Kh2 Kg7 36. Qxh5 Bxb2 37. Re2 Bc3 38. Qg4 Qd5 39. h4 Re6 40. Rxe6 fxe6 41. h5 Ne7 42. g6 Nf5 43. Qg5 Qa2+ 44. Kh3 Qa8 45. h6+ Kh8 46. g7+ Kh7 47. Rg1 Qf3+ 48. Kh2 1-0

[Event "Jersey op"]
[Site "St Clement Bay"]
[Date "2018.04.06"]
[Round "8.6"]
[White "Woudsma, Martijn"]
[Black "Hebden, Mark"]
[Result "1-0"]
[WhiteElo "2262"]
[BlackElo "2454"]
[PlyCount "139"]
[EventDate "2018.03.31"]
[EventType "swiss"]
[EventRounds "9"]
[EventCountry "GCI"]
[SourceTitle "CBM 183 Extra"]
[Source "ChessBase"]
[SourceDate "2018.04.19"]
[SourceVersion "1"]
[SourceVersionDate "2018.04.19"]
[SourceQuality "1"]

1. e4 e5 2. f4 exf4 3. Nf3 Be7 4. Bc4 Nf6 5. e5 Ng4 6. d4 d6 7. exd6 Bh4+ 8. g3 fxg3 9. Qe2+ Be6 10. 0-0 gxh2+ 11. Kh1 Nf2+ 12. Rxf2 Bxf2 13. d5 Qxd6 14. dxe6 fxe6 15. Qxf2 0-0 16. Nc3 Nd7 17. Qg2 Ne5 18. Bh6 Ng6 19. Be3 Nf4 20. Bxf4 Rxf4 21. Rd1 Qc6 22. Ne5 Qxg2+ 23. Kxg2 Re8 24. Bb3 c5 25. Kxh2 a6 26. Nd3 Rf5 27. Ne4 b6 28. Kg3 h6 29. Nf4 Re5 30. Nd6 Re7 31. Nc8 Re8 32. Nxb6 Kf7 33. Nc4 Rg5+ 34. Kf3 Ke7 35. Ke4 Kf6 36. Rd6 h5 37. Rxa6 h4 38. Nd6 Re7 39. Kf3 Rg3+ 40. Kf2 Rg4 41. Nh3 g5 42. Ra4 Rxa4 43. Bxa4 g4 44. Nf4 Ra7 45. Bb3 Ke5 46. Ng6+ Kxd6 47. Nxh4 Ke5 48. Kg3 Kd4 49. Bxe6 c4 50. a3 c3 51. b3 Rxa3 52. Kxg4 Ra1 53. Kf4 Kc5 54. Nf3 Kb4 55. Nd4 Rh1 56. Bf5 Kc5 57. Nf3 Kb4 58. Ke3 Rd1 59. Bd3 Kc5 60. Nd4 Rh1 61. Ne2 Rh3+ 62. Kf4 Kb4 63. Ke5 Rh8 64. Be4 Rd8 65. Kf4 Rd2 66. Ke3 Rd1 67. Bd3 Rh1 68. Kd4 Rh4+ 69. Be4 Rh3 70. Nf4 1-0

[Event "Vlissingen HZ op 21st"]
[Site "Vlissingen"]
[Date "2017.08.09"]
[Round "6"]
[White "Galle, Andre"]
[Black "Woudsma, Martijn"]
[Result "0-1"]
[WhiteElo "2025"]
[BlackElo "2181"]
[PlyCount "71"]
[EventDate "2017.08.05"]
[EventType "swiss"]
[EventRounds "9"]
[EventCountry "NED"]
[SourceTitle "CBM 179 Extra"]
[Source "ChessBase"]
[SourceDate "2017.08.23"]
[SourceVersion "1"]
[SourceVersionDate "2017.08.23"]
[SourceQuality "1"]

1. d4 Nf6 2. c4 g6 3. Nc3 Bg7 4. e4 d6 5. Nf3 0-0 6. Be2 e5 7. 0-0 Nc6 8. d5 Ne7 9. Ne1 Ne8 10. f3 f5 11. g4 Kh8 12. h4 Ng8 13. g5 f4 14. Kg2 h6 15. Rh1 Rf7 16. Nd3 Bf8 17. Qg1 Rh7 18. Kf1 Ng7 19. Bxf4 exf4 20. Nxf4 Qe8 21. Bd3 Qf7 22. Nce2 Nh5 23. Nxh5 Qxf3+ 24. Ke1 Qxd3 25. Rd1 Qxe4 26. Rd4 Qe8 27. Nf6 Nxf6 28. gxf6 Bf5 29. h5 g5 30. Qf2 Qe5 31. Rf1 Re8 32. Kd2 Rf7 33. Ng3 Bh7 34. Kd1 c5 35. Rd2 Qf4 36. Qxf4 0-1

[Event "Pfalz op 03rd"]
[Site "Neustadt an der Weinstrasse"]
[Date "2012.03.03"]
[Round "5"]
[White "Woudsma, Martijn"]
[Black "Jurkic, Bosiljko"]
[Result "1/2-1/2"]
[WhiteElo "2196"]
[BlackElo "2036"]
[PlyCount "105"]
[EventDate "2012.02.17"]
[EventType "swiss"]
[EventRounds "9"]
[EventCountry "GER"]
[SourceTitle "EXT 2013"]
[Source "ChessBase"]
[SourceDate "2012.11.22"]
[SourceVersion "1"]
[SourceVersionDate "2012.11.22"]
[SourceQuality "1"]

1. e4 c5 2. c3 Nf6 3. e5 Nd5 4. Bc4 Nb6 5. Bb3 Nc6 6. Nf3 g6 7. d4 cxd4 8. cxd4 Bg7 9. Nc3 d6 10. Bf4 0-0 11. exd6 exd6 12. Nb5 Bg4 13. Bxd6 Re8+ 14. Kf1 Nxd4 15. Nbxd4 Qxd6 16. h3 Bxf3 17. Nxf3 Qf4 18. g3 Qf6 19. Kg2 Qxb2 20. Rb1 Qf6 21. Re1 Red8 22. Qe2 Rac8 23. Rbc1 h5 24. Rxc8 Nxc8 25. Qe3 Nb6 26. h4 Rf8 27. Qe4 a5 28. a4 Nd7 29. Qd5 Qc6 30. Re7 Qxd5 31. Bxd5 Nc5 32. Ng5 Bf6 33. Bxf7+ Rxf7 34. Rxf7 Bxg5 35. Rc7 Ne6 36. Rxb7 Bd2 37. Rd7 Bb4 38. Rd1 Nc5 39. Ra1 Kf7 40. f3 Ke6 41. g4 Ke5 42. Kg3 Nd3 43. Rd1 Nc5 44. f4+ Ke6 45. Ra1 Ne4+ 46. Kf3 Nc5 47. Ra2 hxg4+ 48. Kxg4 Kf6 49. Ra1 Ne6 50. Rc1 Bd2 51. Rc4 Bb4 52. Rc6 Bd2 53. Rc4 1/2-1/2

[Event "Dieren op-A"]
[Site "Dieren"]
[Date "2001.??.??"]
[Round "?"]
[White "Woudsma, Martijn"]
[Black "Oney, Fatmanur"]
[Result "1-0"]
[WhiteElo "2085"]
[BlackElo "2014"]
[PlyCount "65"]
[EventDate "2001.07.??"]
[EventType "swiss"]
[EventRounds "7"]
[EventCountry "NED"]
[SourceTitle "EXT 2006"]
[Source "ChessBase"]
[SourceDate "2005.11.24"]
[SourceVersion "1"]
[SourceVersionDate "2005.11.24"]
[SourceQuality "1"]

1. e4 g6 2. d4 Bg7 3. Nc3 c6 4. Bc4 d6 5. Nf3 b5 6. Bb3 b4 7. Ne2 Nf6 8. Ng3 a5 9. c4 Nbd7 10. e5 Ng8 11. exd6 exd6 12. 0-0 Ne7 13. Ne4 Nf6 14. Nxf6+ Bxf6 15. Bg5 Bxg5 16. Nxg5 0-0 17. Re1 Nf5 18. Ne4 Ra7 19. g4 Nh4 20. g5 Re7 21. Nf6+ Kg7 22. Qd3 h6 23. f4 hxg5 24. fxg5 Rh8 25. Ba4 Bf5 26. Qg3 Rxe1+ 27. Rxe1 Be6 28. d5 Qb6+ 29. Kh1 cxd5 30. cxd5 Bc8 31. Ne8+ Kg8 32. Nxd6 Ba6 33. Re8+ 1-0